Plano oficial del terreno ocupado en el parque de Madrid por la Exposición de Minería, Artes Metalúrgicas, Cerámica, Cristalería y Aguas Minerales, 1883 [ (Record no. 185968)
[ view plain ]
| 000 -LEADER | |
|---|---|
| campo de control de longitud fija | 01292nem a2200265 i 4500 |
| 001 - NÚMERO DE CONTROL | |
| campo de control | 185968 |
| 003 - IDENTIFICADOR DE NÚMERO DE CONTROL | |
| campo de control | ES-MaACL |
| 005 - FECHA Y HORA DE LA ÚLTIMA TRANSACCIÓN | |
| campo de control | 20250821110927.0 |
| 008 - DATOS DE LONGITUD FIJA--INFORMACIÓN GENERAL | |
| campo de control de longitud fija | 160831s1883 sp | | | ||spa d |
| 130 0# - ENTRADA PRINCIPAL--TÍTULO UNIFORME | |
| Título uniforme | Madrid. Parque del Retiro. |
| Subencabezamiento de forma | Exposiciones. |
| -- | Planos. |
| Fecha de publicación/de la obra | 1883. |
| 9 (RLIN) | 160641 |
| 245 10 - MENCIÓN DEL TÍTULO | |
| Título | Plano oficial del terreno ocupado en el parque de Madrid por la Exposición de Minería, Artes Metalúrgicas, Cerámica, Cristalería y Aguas Minerales, 1883 [ |
| Medio | Material cartográfico] / |
| Mención de responsabilidad, etc. | levantado y dibujado por Enrique de Nouvión. |
| 255 ## - DATOS MATEMÁTICOS CARTOGRÁFICOS | |
| Mención de escala | Escala 1:1.000. |
| 260 ## - PUBLICACIÓN, DISTRIBUCIÓN, ETC. | |
| Lugar de publicación, distribución, etc. | Madrid : |
| Nombre del editor, distribuidor, etc. | Lit. Pfeiffer, |
| Fecha de publicación, distribución, etc. | 29 de Mayo de 1883. |
| 300 ## - DESCRIPCIÓN FÍSICA | |
| Extensión | 1 plano : |
| Otras características físicas | col. ; |
| Dimensiones | 54 x 69 cm pleg. en 19 x 14 cm. |
| 500 ## - NOTA GENERAL | |
| Nota general | El pabellón central de la exposición es lo que hoy se conoce como el Palacio de Velázquez. |
| 650 #4 - PUNTO DE ACCESO ADICIONAL DE MATERIA--TÉRMINO DE MATERIA | |
| Término de materia o nombre geográfico como elemento de entrada | Minería- |
| Subdivisión de forma | Exposiciones. |
| 9 (RLIN) | 160642 |
| 655 #7 - TERMINO DE INDIZACIÓN--GENERO/FORMA | |
| Fuente del término | tgfbne |
| 9 (RLIN) | 193628 |
| Datos o término principal de género/forma | Catálogos de exposiciones |
| 700 1# - ENTRADA AGREGADA--NOMBRE PERSONAL | |
| Nombre de persona | Nouvion, Enrique de. |
| 9 (RLIN) | 160643 |
| 700 1# - ENTRADA AGREGADA--NOMBRE PERSONAL | |
| Nombre de persona | Velázquez Bosco, Ricardo, |
| Fechas asociadas al nombre | 1843-1923 |
| 9 (RLIN) | 113808 |
| 700 1# - ENTRADA AGREGADA--NOMBRE PERSONAL | |
| Nombre de persona | Escosura Morrogh, Luis de la, |
| Fechas asociadas al nombre | 1821-1904 |
| 9 (RLIN) | 126953 |
| 711 2# - ENTRADA AGREGADA--NOMBRE DE REUNIÓN | |
| Nombre de congreso/reunión o jurisdicción como elemento de entrada | Exposición Nacional de Minería, Artes Metalúrgicas, Cerámica, Cristalería y Aguas Minerales ( |
| Fecha del congreso o de la firma del tratado | 1883. |
| Sede del congreso/Lugar de la reunión | Madrid) |
| 9 (RLIN) | 707 |
| 852 ## - LOCALIZACIÓN | |
| Ubicación | ES-MaACL |
| Número de control de estantería | F-5870 |
| 942 ## - ELEMENTOS DE ENTRADA SECUNDARIOS (KOHA) | |
| Fuente del sistema de clasificación o colocación | Clasificación decimal universal |
| Estatus retirado | Estado de pérdida | Estado de daño | No para préstamo | Biblioteca de origen | Biblioteca actual | Ubicación en estantería | Fecha de adquisición | Fuente de adquisición | Total de préstamos | Signatura topográfica completa | Código de barras | Visto por última vez | Precio de reemplazo | Tipo de ítem Koha |
|---|---|---|---|---|---|---|---|---|---|---|---|---|---|---|
| Biblioteca del Ateneo de Madrid | Biblioteca del Ateneo de Madrid | Depósito 2 | 31/08/2016 | F-5870 | 1196056 | 23/02/2023 | 23/02/2023 | Mapa |
